Acronyms by letter - P - Statistics

General Stats
  • This quiz has been taken 23 times
  • The average score is 9 of 26
Answer Stats
Hint Answer % Correct
PC Personal Computer
90%
POV Point Of View
75%
PTSD Post Traumatic Stress Disorder
65%
PTA Parent Teacher Association
60%
PG Parental Guidance
55%
PDA Public Display of Affection
55%
PR Public Relations
50%
PB Peanut Butter
45%
PM Prime Minister
45%
PA Personal Assistant
40%
PO Post Office
40%
PSA Public Service Announcement
40%
PB Personal Best
35%
PC Politically Correct
30%
PMS Premenstrual Syndrome
30%
PETA People for the Ethical Treatment of Animals
25%
PS Post Scriptum
20%
PS Play Station
15%
pH Potential of Hydrogen
15%
PCOS Polycystic Ovary Syndrome
10%
PLT Pretty Little Thing
10%
POC People Of Colour
5%
PC Police Constable
5%
PDF Portable Document Format
5%
PET Position Emission Tomography
5%
PMA Positive Mental Attitude
5%
No matching quizzes found
Score Distribution
Percent of People with Each Score
Percentile by Number Answered
Your Score History
You have not taken this quiz